Error y mero desconocimiento en derecho penal

Furkejuvvon:
Bibliográfalaš dieđut
Váldodahkki: Weezel, Alex van (Dahkki)
Materiálatiipa: Girji
Giella:espánnjágiella
Almmustuhtton: Santiago Legal Publishing 2008
Preanttus:1a. ed
Fáttát:
Fáddágilkorat: Lasit fáddágilkoriid
Eai fáddágilkorat, Lasit vuosttaš fáddágilkora!

MARC

LEADER 00000nam a2200000 a 4500
001 UCI7282
003 CL-VaPUC
008 080619e20080000CL |||||||||||||||||spa|d
020 |a 9789562387682 
082 0 4 |a 345.05  |b WEE  |2 21 
100 0 |a Weezel, Alex van  |e author  |9 530455 
245 1 0 |a Error y mero desconocimiento en derecho penal 
250 |a 1a. ed 
300 |a 84 p 
942 |c BK 
945 |d 20080619 00:00:00  |a jtorresc 
260 |a Santiago  |b Legal Publishing  |c 2008 
650 7 |a ERROR JUDICIAL  |2 CL-VaPUC  |9 256181 
650 0 |a Procedimiento penal  |9 254974 
650 7 |a DERECHO PENAL  |2 CL-VaPUC  |9 11 
650 7 |a ERROR DE DERECHO  |2 CL-VaPUC  |9 383389 
650 7 |a RESPONSABILIDAD CIVIL  |2 CL-VaPUC  |9 530456 
650 0 |a Actos jurídicos  |9 255748 
583 |a last modification  |c 20080619 00:00:00  |k Rodrigo Vera 
999 |c 330605  |d 330603 
952 |0 0  |1 0  |4 0  |6 345_050000000000000_WEE_2008  |7 0  |8 A  |9 416220  |a BIBDER  |b BIBDER  |d 2019-11-22  |i 4464435  |o 345.05 WEE 2008  |p 4464435  |r 2019-11-22  |w 2019-11-22  |y BK  |k DER